Giai thoại làng văn Việt Nam

Spremljeno u:
Bibliografski detalji
Glavni autor: Xuân Tùng
Format: Knjiga
Jezik:Undetermined
Izdano: Hà Nội Văn hóa Dân tộc 1999
Teme:
Oznake: Dodaj oznaku
Bez oznaka, Budi prvi tko označuje ovaj zapis!
Thư viện lưu trữ: Trung tâm Học liệu Trường Đại học Cần Thơ
LEADER 00564nam a2200205Ia 4500
001 CTU_37939
008 210402s9999 xx 000 0 und d
020 |c 35000 
082 |a 895.9228 
082 |b X502 
100 |a Xuân Tùng 
245 0 |a Giai thoại làng văn Việt Nam 
245 0 |c Xuân Tùng 
260 |a Hà Nội 
260 |b Văn hóa Dân tộc 
260 |c 1999 
650 |a Vietnamese literature 
650 |y 20th century 
904 |i Q. Hiếu (sửa) 
980 |a Trung tâm Học liệu Trường Đại học Cần Thơ